|
|
|
|
| LEADER |
00000nab a2200000 a 4500 |
| 001 |
vtls001501295 |
| 003 |
SK-MaSNL |
| 005 |
20260303075744.0 |
| 008 |
050224s1997 xo 000 0 eng |
| 035 |
|
|
|a SPKCL3989
|
| 040 |
|
|
|a SPKCL
|b slo
|c SNKBUCL
|d ÚIP-SPK(MH)
|e AACR2
|
| 041 |
|
|
|a eng
|
| 044 |
|
|
|a xo
|c SK
|
| 080 |
|
|
|a 374.7:37.048
|2 1981
|
| 100 |
1 |
|
|a Prentice, Ian
|4 aut
|9 1080696
|
| 245 |
1 |
0 |
|a Reviews
|c Ian Prentice
|
| 520 |
|
|
|a Príručka pre dospelých, ktorí plánujú vrátiť sa k štúdiu. Prehľad rôznych dostupných možností výberu, návody a rady, ako začať so vzdelávaním atď.
|
| 650 |
0 |
7 |
|a vzdelávanie dospelých
|2 spkcl
|9 4999
|
| 655 |
|
7 |
|a recenzie
|2 snkbucl
|9 21907
|
| 655 |
|
7 |
|a príručky
|2 snkbucl
|9 74364
|
| 773 |
0 |
|
|t Adults learning
|g Roč. 8, č. 6 (1997), s. 166
|
| 787 |
0 |
8 |
|i Rec.:
|a Parrott, Allen
|t Student's guide to returning to learning
|d London : Longman, 1996
|
| 787 |
0 |
8 |
|i Rec.:
|a Wragg, Ted
|t Student's guide to returning to learning
|d London : Longman, 1996
|
| 850 |
|
|
|a Slovenská pedagogická knižnica Bratislava
|
| 852 |
|
|
|a SPKCL
|b KIS3GCP
|b 000710000
|n SK
|
| 999 |
|
|
|c 1777196
|d 1779126
|